| 000 | 00000nam##2200000za#4500 |
| 001 | 9.641467 |
| 003 | CaOODSP |
| 005 | 20210624223226 |
| 007 | cr ||||||||||| |
| 008 | 150407|2010||||xxc|||||o f|0| 0 fre|d |
| 040 | |aCaOODSP|bfre |
| 043 | |an-cn--- |
| 086 | 1 |aH128-1/10-602F-PDF |
| 110 | 1 |aCanada. |bSanté Canada.|bDirection générale de la santé environnementale et de la sécurité des consommateurs. |
| 245 | 10|aRecommandations canadiennes sur les eaux domestiques recyclées destinées à alimenter les chasses d'eau des toilettes et des urinoirs |h[ressource électronique] |
| 260 | |aOttawa - Ontario : |bSanté Canada. |cJanvier 2010. |
| 300 | |a56p.|bréférences, tableaux |
| 590 | |a13-06-Supp|b2013-03-19 |
| 691 | 07|aConsommation d'eau|2gcpds |
| 775 | 08|tCanadian guidelines for domestic reclaimed water for use in toilet and urinal flushing |w(CaOODSP)9.697421 |
| 856 | 40|ahttp://publications.gc.ca|qPDF|s978 Ko|uhttps://publications.gc.ca/collections/collection_2013/sc-hc/H128-1-10-602-fra.pdf |